NHL Roster - Montreal Canadiens 2024-25 - Statistics

General Stats
  • This quiz has been taken 137 times
  • The average score is 21 of 24
Answer Stats
# Birthplace Player Name % Correct
Forwards 14 Ontario, CAN Nick Suzuki
100%
Forwards 13 Wisconsin, USA Cole Caufield
99%
Forwards 11 Alberta, CAN Brendan Gallagher
95%
Goaltenders 75 Ostrava, CZE Jakub Dobeš
95%
Forwards 20 Košice, SVK Juraj Slafkovský
95%
Goaltenders 35 Quebec, CAN Samuel Montembeault
95%
Defencemen 58 Quebec, CAN David Savard
93%
Defencemen 48 Michigan, USA Lane Hutson
93%
Defencemen 72 Ontario, CAN Arber Xhekaj
92%
Defencemen 8 Quebec, CAN Mike Matheson
92%
Forwards 17 Ontario, CAN Josh Anderson
88%
Forwards 92 Tampere, FIN Patrik Laine
88%
Forwards 15 Newfoundland and Labrador, CAN Alex Newhook
87%
Forwards 40 Pori, Fin Joel Armia
87%
Defencemen 45 Quebec, CAN Alexandre Carrier
83%
Forwards 71 Ontario, CAN Jake Evans
83%
Forwards 77 Alberta, CAN Kirby Dach
81%
Forwards 28 Illinois, USA Christian Dvorak
79%
Defencemen 21 Alberta, CAN Kaiden Guhle
79%
Defencemen 47 Rhode Island, USA Jayden Struble
76%
Forwards 55 Ontario, CAN Michael Pezzetta
74%
Forwards 51 Leksand, SWE Emil Heineman
73%
Forwards 89 Quebec, CAN Joshua Roy
67%
Forwards 91 Timra, FIN Oliver Kapanen
67%
No matching quizzes found
Score Distribution
Percent of People with Each Score
Percentile by Number Answered
Your Score History
You have not taken this quiz